Civil engineering for the clerk of works /

Bibliographic Details
Main Author: Whiting, Vernon Charles
Other Authors: Mills, K. L. G. (Kenneth L. G.)
Format: Book
Language:English
Published: London, New York : Longmans, Green, [1948]
Subjects:

MARC

Tag First Indicator Second Indicator Subfields
LEADER 00000cam a2200000 4500
001 in00000043774
005 20151007075013.0
008 770512s1948 enka 00010 eng
010 |a  48009670  
035 |a (OCoLC)02958019 
035 |9 AAF2472AM 
040 |a DLC  |c GAT  |d TXA  |d UtOrBLW 
049 |a TXAM  |c [377329] 
050 0 0 |a TA145  |b .W58 
082 0 |a 620 
092 |a 620  |b W612c 
100 1 |a Whiting, Vernon Charles. 
245 1 0 |a Civil engineering for the clerk of works /  |c by Vernon C. Whiting and K. Mills. 
264 1 |a London,  |a New York :  |b Longmans, Green,  |c [1948] 
300 |a 152 pages :  |b illustrations ;  |c 23 cm. 
336 |a text  |b txt  |2 rdacontent 
337 |a unmediated  |b n  |2 rdamedia 
338 |a volume  |b nc  |2 rdacarrier 
650 0 |a Civil engineering. 
700 1 |a Mills, K. L. G.  |q (Kenneth L. G.) 
999 |a MARS 
999 f f |s 262210da-0e39-334d-b4e7-7f1409d24297  |i 674c7641-48f1-3984-b927-534644d423e1  |t 0 
952 f f |p ric  |a Texas A&M University  |b Rellis Campus  |c Joint Library Facility  |d Remote Storage  |t 0  |e TA145 .W58  |h Library of Congress classification  |i unmediated -- volume  |m A14801031726 
998 f f |a TA145 .W58  |t 0  |l Remote Storage